Ďalšie vzdelávanie ako súčasť kvalifikačnej a osobnostnej pripravenosti ľudských zdrojov

Výchovno-vzdelávacia politika Európskej únie a celoživotné vzdelávanie. Systémovosť vzdelávania a napĺňanie nárokov zamestnávateľských subjektov. Efektívnosť vzdelávacieho procesu a profesionalizácia. Hodnotenie prínosov vzdelávania a zabezpečovanie vyváženého spoločenského rozvoja.

Gespeichert in:
Bibliographische Detailangaben
1. Verfasser: Matulčíková, Marta, 1964-
Format: Buchkapitel
Sprache:Slowakisch
Schlagworte:
Tags: Tag hinzufügen
Keine Tags, Fügen Sie das erste Tag hinzu!

MARC

LEADER 00000naa$a2200000$$$4500
001 0114088
005 20240502072253.5
041 0 |a slo 
044 |a SK 
245 1 0 |a Ďalšie vzdelávanie ako súčasť kvalifikačnej a osobnostnej pripravenosti ľudských zdrojov  |c Marta Matulčíková 
520 |a Výchovno-vzdelávacia politika Európskej únie a celoživotné vzdelávanie. Systémovosť vzdelávania a napĺňanie nárokov zamestnávateľských subjektov. Efektívnosť vzdelávacieho procesu a profesionalizácia. Hodnotenie prínosov vzdelávania a zabezpečovanie vyváženého spoločenského rozvoja. 
610 2 0 |a vzdelávanie ďalšie 
610 2 0 |a vzdelávanie celoživotné 
610 2 0 |a rozvoj pracovníkov 
610 2 0 |a zdroje ľudské 
610 2 0 |a efektívnosť vzdelávania 
610 2 0 |a manažment znalostný 
100 1 |a Matulčíková, Marta, 1964-